000 00480nam a2200169Ia 4500
999 _c27879
_d27879
003 OSt
005 20210210151403.0
008 190216s9999||||xx |||||||||||||| ||und||
040 _coclc
082 _a894.8123
_bRAD/P
100 _aRadhakrishnan, C
_96488
245 0 _aPuzhamuthal Puzhavare /
_cC Radhakrishnan
260 _bHi-Tech Books,
_aKochi:
300 _a424p
650 _aNovel Malayalam
942 _cBK
_2ddc
_h894.8123
_iRAD/P
_k894.8123
_mRAD/P